Solaris 9 administration : a beginner's guide

Αποθηκεύτηκε σε:
Λεπτομέρειες βιβλιογραφικής εγγραφής
Κύριος συγγραφέας: Watters, Paul A.
Μορφή: Βιβλίο
Γλώσσα:English
Δημοσίευση: New York : McGraw-Hill/Osborne, c2002.
Θέματα:
Ετικέτες: Προσθήκη ετικέτας
Δεν υπάρχουν, Καταχωρήστε ετικέτα πρώτοι!

MARC

LEADER 00000cam a2200000 i 4500
001 1/45297
008 031125s2002 nyu| ||| |||| ||eng||
020 |a 0072223170 
035 |l 10071700 
040 |a GR-MyUa  |b gre  |e AACR2 
041 0 |a eng 
082 7 |a 005.4469   |2 (21) 
100 1 |a Watters, Paul A. 
245 1 0 |a Solaris 9 administration :   |b a beginner's guide /   |c Paul A. Watters. 
260 |a New York :   |b McGraw-Hill/Osborne,   |c c2002. 
300 |a xxi, 599 σ. :   |b εικ. ;   |c 24 εκ. 
500 |a Περιλαμβάνει ευρετήριο. 
630 0 0 |a Solaris (Computer file) 
650 0 |a Operating systems (Computers) 
852 |a INST  |b LESVOS  |e 20031125  |h 005.4469 WAT  |p 005100026753  |q 005100026753  |t BK  |y 0 
901 |a BIBL1-2003-3 
922 |a 1ELH  |b 200311  |c TAK/KYB  |d LEADER 
950 |a 023-2003-06-11 
970 |a ΤΖΑΦΕΡΗ  |b ΕΥΑΓΓΕΛΙΑ  |z 2003/11/26